Análisis matemático.

Saved in:
Bibliographic Details
Main Author: Apostol, Tom M (autor)
Format: Book
Published: Madrid,España: Reverté, 1976.
Edition:Segunda edición.
Subjects:
Tags: Add Tag
No Tags, Be the first to tag this record!

MARC

LEADER 00000nam a2200000 a 4500
001 UCW1137
003 CL-VaPUC
005 20231128171147.0
008 230113t1976 ||||| |||| 00| 0 eng d
999 |c 439907  |d 439905 
020 |a 978-84-291-5004-9 
040 |c Pontificia Universidad Católica de Valparaíso 
082 0 4 |a 515 APO 1976  |b    |2 21 
100 0 |a Apostol, Tom M  |e autor  |9 305039 
245 1 0 |a Análisis matemático. 
250 |a Segunda edición.  
260 |a Madrid,España:  |b Reverté,   |c 1976. 
300 |a 596 páginas.  
583 |c 20230113  |k GC 
650 0 |a Análisis matemático   |9 260146 
942 |c BK  |2 ddc 
952 |0 0  |1 0  |2 ddc  |4 0  |6 515_000000000000000_APO_1976  |7 0  |8 A  |9 588674  |a BIBMAT  |b BIBMAT  |d 2023-01-11  |e 74  |g 62629.00  |i 5656377  |l 3  |m 2  |o 515 APO 1976  |p 5656377  |r 2025-01-07  |s 2024-08-05  |t 1  |v 62629.00  |w 2023-01-20  |y BK  |k MAT